|
|
|
|
| LEADER |
00000nam0a2200000 4500 |
| 001 |
38825 |
| 005 |
20231101210525.0 |
| 035 |
|
|
|a (RuTPU)RU\TPU\book\39654
|
| 090 |
|
|
|a 38825
|
| 100 |
|
|
|a 20020319d1987 km y0rusy50 ca
|
| 101 |
0 |
|
|a rus
|
| 102 |
|
|
|a RU
|
| 105 |
|
|
|a y e 000zy
|
| 200 |
1 |
|
|a Толковый словарь по химии и химической технологии
|e основные термины: около 5 500 терминов
|f под ред. Ю. А. Лебедева
|
| 210 |
|
|
|a Москва
|c Русский язык
|d 1987
|
| 215 |
|
|
|a 528 с.
|
| 606 |
1 |
|
|a Химия
|2 stltpush
|3 (RuTPU)RU\TPU\subj\17362
|9 43035
|
| 606 |
1 |
|
|a Химическая технология
|x Общие вопросы
|2 stltpush
|3 (RuTPU)RU\TPU\subj\68259
|9 83693
|
| 610 |
1 |
|
|a термины
|
| 610 |
1 |
|
|a определения
|
| 610 |
1 |
|
|a толковые словари
|
| 675 |
|
|
|a 54(03)
|v 3
|
| 675 |
|
|
|a 66(03)
|v 3
|
| 702 |
|
1 |
|a Лебедев
|b Ю. А.
|4 340
|
| 801 |
|
1 |
|a RU
|b 63413507
|c 20020319
|g PSBO
|
| 801 |
|
2 |
|a RU
|b 63413507
|c 20160420
|g PSBO
|
| 942 |
|
|
|c BK
|